<?xml version="1.0" encoding="UTF-8"?>
<record
    xmlns:xsi="http://www.w3.org/2001/XMLSchema-instance"
    xsi:schemaLocation="http://www.loc.gov/MARC21/slim http://www.loc.gov/standards/marcxml/schema/MARC21slim.xsd"
    xmlns="http://www.loc.gov/MARC21/slim">

  <leader>01019nas a2200229 a 4500</leader>
  <controlfield tag="001">49574</controlfield>
  <controlfield tag="003">DR-UNIBE</controlfield>
  <controlfield tag="005">20260321073646.0</controlfield>
  <controlfield tag="007">ta</controlfield>
  <controlfield tag="008">200128e2009    dr |||p|r||||||0| | spa d</controlfield>
  <datafield tag="040" ind1=" " ind2=" ">
    <subfield code="a">BIBLIOTECA UNIBE</subfield>
    <subfield code="c">BIBLIOTECA UNIBE</subfield>
    <subfield code="d">DO-SdBNP</subfield>
    <subfield code="e">rda</subfield>
  </datafield>
  <datafield tag="041" ind1=" " ind2=" ">
    <subfield code="a">spa</subfield>
  </datafield>
  <datafield tag="245" ind1=" " ind2=" ">
    <subfield code="a">Antorcha educativa / </subfield>
    <subfield code="c">Instituto Nacional de Formaci&#xF3;n y Capacitaci&#xF3;n del Magisterio, (INAFOCAM).</subfield>
  </datafield>
  <datafield tag="264" ind1=" " ind2=" ">
    <subfield code="a">Santo Domingo, Rep&#xFA;blica Dominicana :</subfield>
    <subfield code="b">Instituto Nacional de Formaci&#xF3;n y Capacitaci&#xF3;n del Magisterio, (INAFOCAM), </subfield>
    <subfield code="c">2009.</subfield>
  </datafield>
  <datafield tag="300" ind1=" " ind2=" ">
    <subfield code="a">vol&#xFA;menes :</subfield>
    <subfield code="b">ilustraciones ;</subfield>
    <subfield code="c">22 x 31 cm</subfield>
  </datafield>
  <datafield tag="600" ind1="1" ind2="0">
    <subfield code="a"> Bosch, Juan, </subfield>
    <subfield code="d">1909-2001</subfield>
    <subfield code="v">Publicaciones peri&#xF3;dicas</subfield>
    <subfield code="9">76555</subfield>
  </datafield>
  <datafield tag="650" ind1=" " ind2=" ">
    <subfield code="a">Educaci&#xF3;n</subfield>
    <subfield code="9">56494</subfield>
    <subfield code="v">Publicaciones peri&#xF3;dicas </subfield>
    <subfield code="z">Rep&#xFA;blica Dominicana</subfield>
  </datafield>
  <datafield tag="650" ind1=" " ind2="0">
    <subfield code="a">Identidad nacional </subfield>
    <subfield code="v">Publicaciones peri&#xF3;dicas </subfield>
    <subfield code="z">Rep&#xFA;blica Dominicana</subfield>
    <subfield code="9">2163</subfield>
  </datafield>
  <datafield tag="655" ind1=" " ind2="0">
    <subfield code="a">Publicaciones peri&#xF3;dicas</subfield>
    <subfield code="9">87420</subfield>
  </datafield>
  <datafield tag="710" ind1=" " ind2=" ">
    <subfield code="a">Instituto Nacional de Formaci&#xF3;n y Capacitaci&#xF3;n del Magisterio, INAFOCAM</subfield>
    <subfield code="9">75033</subfield>
  </datafield>
  <datafield tag="942" ind1=" " ind2=" ">
    <subfield code="2">ddc</subfield>
    <subfield code="c">ISSUE</subfield>
  </datafield>
  <datafield tag="952" ind1=" " ind2=" ">
    <subfield code="0">0</subfield>
    <subfield code="1">0</subfield>
    <subfield code="2">ddc</subfield>
    <subfield code="4">0</subfield>
    <subfield code="5">6</subfield>
    <subfield code="7">0</subfield>
    <subfield code="8">SE</subfield>
    <subfield code="a">BNPHU</subfield>
    <subfield code="b">BNPHU</subfield>
    <subfield code="d">2025-04-30</subfield>
    <subfield code="h">A&#xF1;o 1, No. 1, junio-julio 2009</subfield>
    <subfield code="l">0</subfield>
    <subfield code="p">2025-3870</subfield>
    <subfield code="r">2025-04-30</subfield>
    <subfield code="t">e.1</subfield>
    <subfield code="w">2025-04-30</subfield>
    <subfield code="y">ISSUE</subfield>
    <subfield code="z">Juan Bosch, maestro de siempre.</subfield>
  </datafield>
  <datafield tag="952" ind1=" " ind2=" ">
    <subfield code="0">0</subfield>
    <subfield code="1">0</subfield>
    <subfield code="2">ddc</subfield>
    <subfield code="4">0</subfield>
    <subfield code="5">6</subfield>
    <subfield code="7">0</subfield>
    <subfield code="8">SE</subfield>
    <subfield code="a">BNPHU</subfield>
    <subfield code="b">BNPHU</subfield>
    <subfield code="d">2025-04-30</subfield>
    <subfield code="h">A&#xF1;o 1, No. 1, junio-julio 2009</subfield>
    <subfield code="l">0</subfield>
    <subfield code="p">2025-3871</subfield>
    <subfield code="r">2025-04-30</subfield>
    <subfield code="t">e.2</subfield>
    <subfield code="w">2025-04-30</subfield>
    <subfield code="y">ISSUE</subfield>
    <subfield code="z">Juan Bosch, maestro de siempre.</subfield>
  </datafield>
  <datafield tag="999" ind1=" " ind2=" ">
    <subfield code="c">58880</subfield>
    <subfield code="d">58880</subfield>
  </datafield>
</record>
